000
00301nam a22001337a 4500
008
190205b xxu||||| |||| 00| 0 eng d
020
_a
0155136828
041
_a
eng
080
_a
321
100
_a
15
101
_a
SHP
245
_a
Contemporary Public Administration
_c
Vocino, Th
942
_2
udc
_c
BK
999
_c
53997
_d
53997